Media And English Language in Rural India/ (Record no. 191508)

MARC details
000 -LEADER
fixed length control field 00565nam a22001817a 4500
005 - DATE AND TIME OF LATEST TRANSACTION
control field 20220829112211.0
010 ## - LCCN (DPL NO)
LC control number ENG-134749
020 ## - INTERNATIONAL STANDARD BOOK NUMBER
International Standard Book Number 9789380394763
Terms of availability 500.00
035 ## - SYSTEM CONTROL NUMBER
System control number EN-118281
037 ## - SOURCE OF ACQUISITION
Source of stock number/acquisition DBAD/PUB
082 ## - DEWEY DECIMAL CLASSIFICATION NUMBER
Classification number 070.480
245 ## - TITLE STATEMENT
Title Media And English Language in Rural India/
Statement of responsibility, etc Edited by S. Arunraj
260 ## - PUBLICATION, DISTRIBUTION, ETC. (IMPRINT)
Place of publication, distribution, etc Tiruchirappalli
Name of publisher, distributor, etc Raja Publications
Date of publication, distribution, etc 2015
270 ## - ADDRESS
Address No. 10, Upstairs, Ibrahim Nagar Khajamalai
City Tiruchirappali
300 ## - PHYSICAL DESCRIPTION
Extent xxiv, 416p.
Dimensions 21cm(pbk)
700 ## - ADDED ENTRY--PERSONAL NAME
Personal name Arunraj, S.
942 ## - ADDED ENTRY ELEMENTS (KOHA)
Source of classification or shelving scheme Dewey Decimal Classification
Item type English Books
Classification part 070.480
Call number suffix MED
Holdings
Withdrawn status Lost status Not for loan Collection code Home library Current library Date acquired Source of acquisition Cost, normal purchase price Full call number Barcode Copy number Cost, replacement price Koha item type
      Non-fiction Bawana Bawana 29/08/2022 DBAD/PUB 500.00 070.480 MED EN-118281 1 500.00 English Books

© Delhi Public Library
Hit Counter
free hit counter